000 00880nam a22002651 4500
001 172614
003 ES-MaACL
005 20250611063105.0
007 t|
008 090728s1965 xxk ||||0| eng d
080 _a946"1936/39"
100 1 _aThomas, Hugh,
_d1931-2017
_9110019
245 1 4 _aThe Spanish Civil War /
_cHugh Thomas.
250 _arevised ed.
260 _aHarmondsworth, Middlesex :
_bPenguin Books,
_c1965.
300 _a911 p., [16] p. de lám., fot. :
_bmapas ;
_c18 cm.
490 1 _aPenguin ;
_v2146
500 _aÍndice.
504 _aBibliografía.
595 _a1st published by Eyre & Spottiswoode, 1961.
651 4 _aEspaña-
_xHistoria-
_y1936-1939, Guerra civil.
_98292
830 0 _aPenguin ;
_v2146
_9189097
852 4 _aES-MaACL
_jE-12903
_9R.139390
_z. - Biblioteca Jacinto Martínez Lacalle
999 _c172614
_d172614